[Event "BRA-ch U26"]
[Site "Joinville"]
[Date "2023.10.12"]
[Round "5"]
[White "Vieira, Jeziel Do Vale"]
[Black "De Magalhaes, Gustavo A Linhares"]
[Result "1-0"]
[WhiteElo "2044"]
[BlackElo "1546"]
[PlyCount "85"]
[EventDate "2023.10.09"]
[EventType "swiss"]
[EventRounds "6"]
[EventCountry "BRA"]
[SourceTitle "Mega2024 Update 01"]
[Source "Chessbase"]
[SourceDate "2023.11.12"]
[SourceVersion "1"]
[SourceVersionDate "2023.11.12"]
[SourceQuality "1"]

1. d4 Nf6 2. c4 e6 3. Nf3 d5 4. g3 Be7 5. Bg2 0-0 6. 0-0 Ne4 7. Qc2 f5 8. Nc3 c6 9. b3 Nd7 10. e3 Rb8 11. Bb2 b6 12. Ne2 b5 13. Nf4 Ndf6 14. Ne5 Qe8 15. h4 bxc4 16. bxc4 Bd6 17. c5 Bxe5 18. dxe5 Ng4 19. Bxe4 fxe4 20. Bd4 Ba6 21. Rfb1 Rxb1+ 22. Qxb1 h6 23. Qd1 h5 24. Qa4 Qc8 25. Rb1 Rf5 26. Rb4 Nxe5 27. Bxe5 Rxe5 28. Ng6 Bb5 29. Qxa7 Qd8 30. Nxe5 Qf6 31. Qb8+ Kh7 32. a4 Be2 33. Rb7 Qf5 34. Qc7 Qf6 35. Nf7 Qa1+ 36. Kh2 Qf6 37. Ng5+ Kg6 38. Qf4 Ba6 39. Rc7 Qa1 40. Qf7+ Kh6 41. Rxc6 Bc8 42. Rxe6+ g6 43. Qh7# 1-0

[Event "Brasilia Universities-ch"]
[Site "Brasilia"]
[Date "2021.10.15"]
[Round "5"]
[White "De Paula, Luan Araujo"]
[Black "De Magalhaes, Gustavo A Linhares"]
[Result "0-1"]
[WhiteElo "1910"]
[BlackElo "1653"]
[PlyCount "114"]
[EventDate "2021.10.12"]
[EventType "swiss"]
[EventRounds "6"]
[EventCountry "BRA"]
[SourceTitle "EXT 2023"]
[Source "ChessBase"]
[SourceDate "2022.10.05"]
[SourceVersion "1"]
[SourceVersionDate "2022.10.05"]
[SourceQuality "1"]

1. e4 e5 2. Nf3 Nf6 3. Nxe5 d6 4. Nf3 Nxe4 5. Nc3 Bf5 6. Bc4 Be7 7. 0-0 0-0 8. Re1 Nf6 9. d4 Re8 10. Bg5 h6 11. Bxf6 Bxf6 12. Nd5 Nd7 13. Rxe8+ Qxe8 14. Nxc7 Qc8 15. Nxa8 Qxc4 16. Qf1 Qc8 17. Qb5 Be6 18. Re1 a6 19. Qa4 b5 20. Qb4 Bd5 21. Qxd6 Bxa8 22. Ne5 Nxe5 23. dxe5 Qb7 24. f3 Be7 25. Qd3 Qd5 26. Qxd5 Bxd5 27. Rd1 Be6 28. g4 f6 29. exf6 Bxf6 30. b3 a5 31. Kg2 a4 32. h3 axb3 33. axb3 b4 34. f4 Bc8 35. Re1 Kf7 36. Kg3 Bc3 37. Rd1 Ke7 38. h4 Be6 39. Rd3 Bf7 40. f5 Be5+ 41. Kf3 g6 42. Ke4 Bf6 43. Rh3 gxf5+ 44. Kxf5 Be6+ 45. Kg6 Bxg4 46. Re3+ Be6 47. h5 Bg5 48. Re4 Bd2 49. Kg7 Bc3+ 50. Kxh6 Kf6 51. Re2 Bf5 52. Rg2 Bb2 53. Rg1 Bxc2 54. Rf1+ Bf5 55. Rd1 Be5 56. Rf1 Bd6 57. Rf3 Bf8# 0-1

[Event "Amapa-ch Etapa 3"]
[Site "Macapa"]
[Date "2020.10.04"]
[Round "5"]
[White "Pires, Enzo Luis Albuquerq"]
[Black "De Magalhaes, Gustavo A Linhares"]
[Result "1-0"]
[WhiteElo "1488"]
[BlackElo "1442"]
[PlyCount "80"]
[EventDate "2020.10.02"]
[EventType "swiss"]
[EventRounds "5"]
[EventCountry "BRA"]
[SourceTitle "EXT 2022"]
[Source "ChessBase"]
[SourceDate "2021.10.06"]
[SourceVersion "1"]
[SourceVersionDate "2021.10.06"]
[SourceQuality "1"]

1. e4 e5 2. f4 d6 3. Nf3 Nc6 4. Bc4 Nf6 5. Nc3 Bg4 6. h3 Bxf3 7. Qxf3 Nd4 8. Qd1 Qd7 9. 0-0 0-0-0 10. d3 c6 11. fxe5 dxe5 12. a4 Bc5 13. Kh1 h5 14. a5 Rdf8 15. Na4 Bd6 16. c3 Ne6 17. b4 Nf4 18. Be3 Nxh3 19. Bxa7 Bc7 20. Nc5 Qg4 21. Qxg4+ hxg4 22. gxh3 Rxh3+ 23. Kg2 Rfh8 24. Rh1 Nh5 25. Rxh3 Nf4+ 26. Kg3 gxh3 27. Kh2 f5 28. Ne6 fxe4 29. Nxc7 Kxc7 30. dxe4 Rh4 31. Bb6+ Kd7 32. Rd1+ Ke7 33. Bd8+ Kf8 34. Bxh4 g6 35. Bf6 Nd5 36. exd5 Kf7 37. d6+ Kxf6 38. d7 b5 39. d8Q+ Kg7 40. Qg5 bxc4 1-0

[Event "Macapa Platon Memorial"]
[Site "Macapa"]
[Date "2019.11.15"]
[Round "2"]
[White "De Magalhaes, Gustavo A Linhares"]
[Black "Dos Passos, Edinaldo Pincanco"]
[Result "1-0"]
[WhiteElo "1375"]
[BlackElo "1663"]
[PlyCount "101"]
[EventDate "2019.11.15"]
[EventType "swiss"]
[EventRounds "5"]
[EventCountry "BRA"]
[SourceTitle "EXT 2021"]
[Source "ChessBase"]
[SourceDate "2020.10.23"]
[SourceVersion "1"]
[SourceVersionDate "2020.10.23"]
[SourceQuality "1"]

1. e4 Nf6 2. Bc4 d5 3. exd5 Nxd5 4. d3 Nc6 5. Bd2 e5 6. Nc3 Nb6 7. Bb5 Bd7 8. Nf3 Bd6 9. Ne4 0-0 10. Nxd6 cxd6 11. 0-0 Bg4 12. h3 Bh5 13. c3 a6 14. Bxc6 bxc6 15. Qe2 f5 16. Qe3 Nd5 17. Qg5 Bxf3 18. Qxd8 Raxd8 19. gxf3 Rf6 20. Rae1 Kf7 21. Kh2 f4 22. c4 Ne7 23. Re4 Rf5 24. Rfe1 c5 25. b4 cxb4 26. Bxb4 Ng6 27. Rb1 Nh4 28. Ba5 Rd7 29. Rb6 Nxf3+ 30. Kg2 Nd4 31. Rxa6 Rg5+ 32. Kf1 Rh5 33. Kg2 f3+ 34. Kg3 Rg5+ 35. Rg4 Rf5 36. Bb4 h5 37. Re4 Rf6 38. Bd2 Rg6+ 39. Kh4 Nf5+ 40. Kxh5 Rd8 41. Bg5 Rh8+ 42. Kg4 Nd4 43. Ra7+ Kg8 44. Ra8+ Kh7 45. Rxh8+ Kxh8 46. h4 Ne6 47. Kh5 Nf8 48. Re3 Re6 49. Rxf3 g6+ 50. Kg4 Kg7 51. Bh6+ 1-0

[Event "Macapa Franco Memorial 7th"]
[Site "Macapa"]
[Date "2019.09.13"]
[Round "2"]
[White "Costa, Richard Duarte"]
[Black "De Magalhaes, Gustavo A Linhares"]
[Result "1/2-1/2"]
[WhiteElo "1822"]
[BlackElo "1356"]
[PlyCount "130"]
[EventDate "2019.09.13"]
[EventType "swiss"]
[EventRounds "6"]
[EventCountry "BRA"]
[SourceTitle "EXT 2020"]
[Source "ChessBase"]
[SourceDate "2019.10.17"]
[SourceVersion "1"]
[SourceVersionDate "2019.10.17"]
[SourceQuality "1"]

1. e4 e5 2. c4 Nf6 3. Nc3 Nc6 4. a3 b6 5. d3 d6 6. f4 Bg4 7. Be2 Bxe2 8. Ngxe2 Qd7 9. 0-0 h6 10. Nd5 Ne7 11. fxe5 Nfxd5 12. exd6 Qxd6 13. exd5 g6 14. Bf4 Qd7 15. Be5 Rh7 16. Nd4 Bg7 17. Qe2 Bxe5 18. Qxe5 Qd6 19. Rae1 Qxe5 20. Rxe5 Kd7 21. Rfe1 f6 22. Re6 f5 23. Nb5 c6 24. Nc7 Rc8 25. d6 g5 26. Na6 Ng8 27. Nb4 Rf7 28. Nc2 Rcf8 29. Nd4 Rf6 30. Rxf6 Rxf6 31. Nb3 a5 32. a4 c5 33. d4 cxd4 34. Nxd4 Kxd6 35. Nb3 Re6 36. Rd1+ Kc7 37. Rd5 Ne7 38. Rb5 f4 39. c5 Nc8 40. cxb6+ Rxb6 41. Nxa5 Rxb5 42. axb5 Nd6 43. b3 Nxb5 44. Nc4 Nd4 45. Nd2 Kc6 46. Kf2 Kb5 47. g3 fxg3+ 48. Kxg3 Kb4 49. Kg4 Kc3 50. Nf3 Nxb3 51. Kh5 Nc5 52. Kxh6 Ne6 53. Nxg5 Nf4 54. Nf7 Kd4 55. Kg5 Nh3+ 56. Kg4 Nf2+ 57. Kf3 Ne4 58. h4 Nf6 59. Kf4 Kd5 60. Kf5 Ne4 61. Ng5 Nd6+ 62. Kg6 Ke5 63. h5 Nf5 64. Nf7+ Ke6 65. Nh6 Ng3 1/2-1/2

[Event "Macapa Franco Memorial 7th"]
[Site "Macapa"]
[Date "2019.09.13"]
[Round "1"]
[White "De Magalhaes, Gustavo A Linhares"]
[Black "Costa Junior, Antonio Jorge F"]
[Result "0-1"]
[WhiteElo "1356"]
[BlackElo "1785"]
[PlyCount "102"]
[EventDate "2019.09.13"]
[EventType "swiss"]
[EventRounds "6"]
[EventCountry "BRA"]
[SourceTitle "EXT 2020"]
[Source "ChessBase"]
[SourceDate "2019.10.17"]
[SourceVersion "1"]
[SourceVersionDate "2019.10.17"]
[SourceQuality "1"]

1. e4 c6 2. d4 d5 3. e5 Bf5 4. Bd3 Bxd3 5. Qxd3 e6 6. Nf3 h6 7. b3 Ne7 8. 0-0 Nf5 9. c4 dxc4 10. bxc4 Be7 11. Ba3 0-0 12. Bxe7 Qxe7 13. Nc3 Na6 14. d5 cxd5 15. cxd5 Nb4 16. Qd2 Nxd5 17. Nxd5 exd5 18. Qxd5 Rad8 19. Qe4 Nd6 20. Qe3 Nc8 21. Rfd1 b5 22. Nd4 Rd5 23. Nf5 Qxe5 24. Qxe5 Rxe5 25. Nd6 Nb6 26. f4 Rc5 27. Rac1 Nc4 28. Nxb5 Rxb5 29. Rxc4 Ra5 30. a4 Re8 31. Rd7 Re2 32. Rcc7 Rxa4 33. Kf1 Rb2 34. Rxa7 Rxf4+ 35. Ke1 Rff2 36. h4 Rxg2 37. Kf1 Rgc2 38. Ra8+ Kh7 39. Ra1 f5 40. h5 Rh2 41. Kg1 Rxh5 42. Raa7 Rg5+ 43. Kh1 f4 44. Ra2 Rb1+ 45. Kh2 f3 46. Rf2 Rg2+ 47. Rxg2 fxg2 48. Kxg2 Rb3 49. Kh2 Kg6 50. Kg2 Kf5 51. Kh2 Kg4 0-1

[Event "Macapa IFAP op 3rd"]
[Site "Macapa"]
[Date "2019.08.04"]
[Round "4"]
[White "Da Silva Lima, Jerrinaldo"]
[Black "De Magalhaes, Gustavo A Linhares"]
[Result "1-0"]
[WhiteElo "1677"]
[BlackElo "1354"]
[PlyCount "31"]
[EventDate "2019.08.02"]
[EventType "swiss"]
[EventRounds "5"]
[EventCountry "BRA"]
[SourceTitle "EXT 2020"]
[Source "ChessBase"]
[SourceDate "2019.10.17"]
[SourceVersion "1"]
[SourceVersionDate "2019.10.17"]
[SourceQuality "1"]

1. d4 d5 2. c4 e6 3. Nf3 Nf6 4. Nc3 c5 5. Bg5 cxd4 6. Qxd4 Nc6 7. Qh4 Be7 8. e3 0-0 9. Bd3 Nb4 10. Bb1 dxc4 11. Bxf6 Nd3+ 12. Bxd3 Qxd3 13. Bxe7 Qc2 14. Bxf8 Qxb2 15. 0-0 Qxc3 16. Qd8 1-0

[Event "Macapa IFAP op 3rd"]
[Site "Macapa"]
[Date "2019.08.04"]
[Round "5"]
[White "De Magalhaes, Gustavo A Linhares"]
[Black "Melo, Clodovio De Paula"]
[Result "1/2-1/2"]
[WhiteElo "1354"]
[BlackElo "1563"]
[PlyCount "75"]
[EventDate "2019.08.02"]
[EventType "swiss"]
[EventRounds "5"]
[EventCountry "BRA"]
[SourceTitle "EXT 2020"]
[Source "ChessBase"]
[SourceDate "2019.10.17"]
[SourceVersion "1"]
[SourceVersionDate "2019.10.17"]
[SourceQuality "1"]

1. e4 e5 2. Nf3 Nc6 3. Nc3 Bb4 4. Nd5 d6 5. Nxb4 Nxb4 6. c3 Nc6 7. d4 exd4 8. Nxd4 Nxd4 9. Qxd4 Qf6 10. g3 Qxd4 11. cxd4 Nf6 12. Bg2 0-0 13. 0-0 Re8 14. Re1 c6 15. f4 Bd7 16. b4 h6 17. Bb2 d5 18. exd5 Nxd5 19. Bxd5 cxd5 20. Re5 Bc6 21. Kf2 f6 22. Ree1 Kf7 23. a4 a6 24. Rac1 Rxe1 25. Kxe1 Re8+ 26. Kd2 Bxa4 27. Ba3 Bb5 28. Rc7+ Re7 29. Rxe7+ Kxe7 30. h4 h5 31. Ke3 Ke6 32. Kf3 Kf5 33. Bb2 Bd3 34. Bc3 Be4+ 35. Ke3 b5 36. Kf2 Bc2 37. Kf3 Bd1+ 38. Ke3 1/2-1/2